| 000 | 01272nam a22002777a 4500 | ||
|---|---|---|---|
| 005 | 20170124103205.0 | ||
| 010 | _aB-179953 | ||
| 020 | _c105.00 | ||
| 035 | _aB-179953 | ||
| 037 | _bCen Lib/Ret | ||
| 040 |
_aDPL _bHN |
||
| 082 |
_a320.4954 _bभारती |
||
| 245 |
_aभारतीय राजव्यवस्था / _cसंपादक एन.एन.ओझा |
||
| 246 |
_aBharteey rajvyavstha / _bsampadak N.N.Ojha |
||
| 250 | _aतृतीय संशोधित संस्करण | ||
| 260 |
_a नयी दिल्ली _bक्रोनिकल पब्लिकेशन्स _c2006 |
||
| 270 |
_b नयी दिल्ली _aबी-7 एक्स./114 ए, सफदरजंग एन्क्लेव _e110029 |
||
| 300 |
_a273पृ. _c23सेमी(सजिल्द) |
||
| 500 | _aअनुक्रमाणिका शामिल | ||
| 650 |
_aराजनीतिक विज्ञान _993520 |
||
| 650 |
_aभारतीय संविधान और नागरिकता _985758 |
||
| 650 |
_aPolitical Science _993521 |
||
| 650 |
_aConstitution and Citizenship _993522 |
||
| 700 |
_aओझा, एन.एन. _942260 |
||
| 942 |
_2ddc _cHN _h320.4954 _mभारती |
||
| 999 |
_c120947 _d120947 |
||